000 00347nam a22001577a 4500
003 SGT
020 _a9789386735621
082 _a612
_bG00W
100 _aWAGHULADE, HEMANGINI
245 _aGATEWAY TO KRIYA SHARIRA
260 _aVARANASI
_bCHAUKHAMBHA PUB.
_cS N
300 _a121
650 _aANATOMY
653 _aAYURVEDA
942 _2ddc
_cBK
999 _c24313
_d24313